1105 1399 1916 1361 1711 1879 1842 1516 1146 1748 1953 1032 1628 1080 1729 1471 1421 1940 1638 1325 1635 1723 1321 1348 1608 1950 1859 1232 1348 1097 1277 1912 1440 1033 1151 1426 1562 1264 1389 1350 1708 1557 1281 1053 1102 1707 1720 1076 1469 1238 1468 1408 1814 1913 1285 1199 1563 1560 1546 1474 1764 1027 1799 1644 1214 1889 1547 1711 1970 1563 1887 1247 1520 1294 1420 1715 1949 1668 1847 1014 1194 1742 1200 1100 1077 1423 1427 1414 1477 1013 1476 1080 1470 1170 1059 1377 1088 1995 1573 BCNSPRNW ULIB Ver.6.0+V

เปลี่ยนเป็นภาษาไทย

Change to English
 แสดงรายละเอียดบรรณานุกรม
  กลับหน้าหลัก

Brief Record : Get Marc (ISO 2709) : E-mail record : QR code < ปิดหน้าต่าง
LEADER : 00000nam 2200000uu 4500
001    13399111164
003     ULIB
008    110617s2545||||th 000 0 tha d
020    9740410685
060 04 BF637.B4^bศ631จ 2545
100 0  ศิริรัตน์ คุปติวุฒิ
245 10 จิตวิทยาครอบครัวการให้การปรึกษาครอบครัวและครอบครัวบำบัดเบื้องต้น /^cศิริรัตน์ คุปติวุฒิ
250    พิมพ์ครั้งที่ 1
260    กรุงเทพฯ :^bภาควิชาจิตเวชศาสตร์ คณะแพทยศาสตร์ศิริราชพยาบาลมหาวิทยาลัยมหิดล,^c2545
300    [13], 190 หน้า ;^c19 ซม.
650  7 การให้คำปรึกษา
650  7 ครอบครัว
650  7 จิตบำบัด
650  7 จิตวิทยา
650  7 จิตวิทยาประยุกต์
653    ผลงานอาจารย์คณะแพทยศาสตร์ศิริราชพยาบาล
710    มหาวิทยาลัยมหิดล.^bคณะแพทยศาสตร์ศิริราชพยาบาล.^bภาควิชาจิตเวชศาสตร์
945    ^p150^l0^i018804
945    ^p150^l0^i018784
945    ^p150^l0^i018783
945    ^p150^l0^i018782
995    ทศพร
999 ^a ใช้งานได้ทุกระบบ
รายการนี้ยังไม่มีแท็ก
คุณยังไม่ได้ล็อกอิน คุณสามารถมีกิจกรรมร่วมกับเว็บไซต์ได้ แต่ต้องล็อกอินก่อน ::
  ล็อกอิน

รายการสื่อสารสนเทศ

ลำดับที่ ประเภท เลขเรียก/บาร์โค้ด สถานที่ สถานะ
- ไม่พบข้อมูล -

รายการใกล้เคียง
    หัวเรื่อง [การให้คำปรึกษา]
    หัวเรื่อง [ครอบครัว]
    หัวเรื่อง [จิตบำบัด]
    หัวเรื่อง [จิตวิทยา]
    หัวเรื่อง [จิตวิทยาประยุกต์]

BibComment


ยังไม่เคยถูกคอมเมนท์

คอมเมนท์ทรัพยากรรายการนี้
  คอมเมนท์: จิตวิทยาครอบครัวก..


 Copyright 2026. Bcnsprnw @Library